=LDR 00000nam 2200000 4500 =001 INLIS000000000028316 =005 20130612130630 =008 ***********************************ind** =035 ##$$0010-061300000028316 =041 ##$$a ind =082 ##$$a 635.655 =090 ##$$a 635.655, AAK k =100 ##$$a Aak =245 ##$$a Kedelai, Aak =260 ##$$a 1989 $b Yogyakarta =300 ##$$a 82 hlm., ilus., 21 cm =650 ##$$a Kedelai =650 ##$$a Perkebunan =850 ##$$a NBPNMAT